LEADER 01897nam0 22003731i 450 001 UON00023112 005 20231205102027.805 100 $a20020107d1922 |0itac50 ba 101 $afre 102 $aFR 105 $a|||| 1|||| 200 1 $aˆL'‰Orient musulman$esculpture, bois sculpte?s, ivories, bronzes, armes, cuivres, tapis et tissus, miniatures$fpar Gaston Migeon$gMusée du Louvre 205 $aParis : A. Morancé$b1922 210 $a38 p.$d52 c. di tav. ; 24 cm 215 $aTesto e tavole a fogli sciolti sono in una sola cartella 312 $aTit. variante$9UON00508182 316 $aAltro inv. 82133$5IT-UONSI RARIARAIX/012 (1) 410 1$1001UON00023111$12001 $aDocuments d'Art 517 0$3UON00508182$aSculpture, bois sculpte?s, ivories, bronzes, armes, cuivres, tapis et tissus, miniatures / par Gaston Migeon 606 $aARTE ISLAMICA$xCOLLEZIONI E MUSEI$xEUROPA$3UONC002220$2FI 606 $aAVORI$xMUSEE DU LOUVRE$xCATALOGHI$3UONC091051$2FI 606 $aSCULTURE IN LEGNO$xMUSEE DU LOUVRE$xCATALOGHI$3UONC091052$2FI 620 $aFR$dParis$3UONL002984 686 $aRARI ARA IX$cRARI - PAESI ARABI - ARTI - STORIA DELL'ARTE$2A 700 1$aMigeon$bGaston$3UONV015577$0130780 712 02$aMUSEE du LOUVRE$3UONV015578 712 $aMorancé$3UONV249079$4650 801 $aIT$bSOL$c20240220$gRICA 856 4 $uhttp://next.unior.it/sebina/repository/catalogazione/documenti/RARI ARA IX 12 (1) r.pdf$zRARI ARA IX 12 (1) r.pdf 899 $aSIBA - SISTEMA BIBLIOTECARIO DI ATENEO$2UONSI$uhttp://next.unior.it/sebina/repository/catalogazione/documenti/RARI ARA IX 12 (1) r.pdf 912 $aUON00023112 950 $aSIBA - SISTEMA BIBLIOTECARIO DI ATENEO$dSI RARI ARA IX 012 (1) $eSI ARC538/I 7 012 (1) Altro inv. 82133 996 $aOrient musulman$91199487 997 $aUNIOR LEADER 01229nam0 22002651i 450 001 UON00396541 005 20231205104637.430 100 $a20110729f1912 |0itac50 ba 101 $aeng$aTIB 102 $aIN 105 $a|||| 1|||| 200 1 $aGrammar of the Tibetan Language$eLiterary and colloquial with copious illustrations, and treating fully of spelling, pronunciation, and the construction of the verb, and including appendices of the various forms of the verb$fby Herbert Bruce Hannah 210 $aCalcutta$cprinted at the Baptist Mission Press$d1912 215 $a396 p.$d25 cm. 606 $aLingua tibetana$xGrammatiche$3UONC007948$2FI 620 $aIN$dCalcutta$3UONL000111 686 $aTIB II B$cTibet - Linguistica - Grammatiche$2A 700 1$aHANNAH$bHerbert Bruce$3UONV203756$0706182 712 $aBaptist Mission Press$3UONV245867$4650 801 $aIT$bSOL$c20250704$gRICA 899 $aSIBA - SISTEMA BIBLIOTECARIO DI ATENEO$2UONSI 912 $aUON00396541 950 $aSIBA - SISTEMA BIBLIOTECARIO DI ATENEO$dSI FL 8 0007 $eSI MR 42911 5 0007 $sBuono 996 $aGrammar of the Tibetan Language$91351839 997 $aUNIOR